000 00528nam a2200169Ia 4500
008 090711s9999 xx 000 0 und d
082 _b123
100 _aभोगले प्रभाकर
245 _aअसा धरी छंद
260 _bशिखर प्रकाशन
_c1997
300 _a168
600 _aभोगले प्रभाकर
630 _aअसा धरी छंद
700 _aभोगले प्रभाकर
730 _aअसा धरी छंद
942 _cBOOK
999 _c323637
_d323637